| 000 -LEADER |
| fixed length control field |
02636cam a2200481 i 4500 |
| 001 - CONTROL NUMBER |
| control field |
21541239 |
| 005 - DATE AND TIME OF LATEST TRANSACTION |
| control field |
20230309111242.0 |
| 008 - FIXED-LENGTH DATA ELEMENTS--GENERAL INFORMATION |
| fixed length control field |
200517t20192019gw a b 000 0 eng c |
| 010 ## - LIBRARY OF CONGRESS CONTROL NUMBER |
| LC control number |
2020464427 |
| 020 ## - INTERNATIONAL STANDARD BOOK NUMBER |
| International Standard Book Number |
3832549935 |
| 020 ## - INTERNATIONAL STANDARD BOOK NUMBER |
| International Standard Book Number |
9783832549930 |
| 035 ## - SYSTEM CONTROL NUMBER |
| System control number |
(OCoLC)on1141423266 |
| 040 ## - CATALOGING SOURCE |
| Original cataloging agency |
YDX |
| Language of cataloging |
eng |
| Transcribing agency |
YDX |
| Description conventions |
rda |
| Modifying agency |
ERASA |
| -- |
OCLCQ |
| -- |
OHX |
| -- |
UBY |
| -- |
OCLCO |
| -- |
OCLCF |
| -- |
DLC |
| 042 ## - AUTHENTICATION CODE |
| Authentication code |
pcc |
| 043 ## - GEOGRAPHIC AREA CODE |
| Geographic area code |
me----- |
| -- |
ac----- |
| 050 00 - LIBRARY OF CONGRESS CALL NUMBER |
| Classification number |
DS33.3 |
| Item number |
.B49 2019 |
| 082 ## - DEWEY DECIMAL CLASSIFICATION NUMBER |
| Classification number |
327.170958 |
| Author Mark |
BEY 2019 |
| 245 00 - TITLE STATEMENT |
| Title |
Beyond Europe : |
| Remainder of title |
reconnecting Eurasia / |
| Statement of responsibility, etc. |
edited by Tadeusz Wallas, Andrzej Stelmach, Rafał Wiśniewski. |
| 264 #1 - PRODUCTION, PUBLICATION, DISTRIBUTION, MANUFACTURE, AND COPYRIGHT NOTICE |
| Place of production, publication, distribution, manufacture |
Berlin : |
| Name of producer, publisher, distributor, manufacturer |
Logos Verlag Berlin, |
| Date of production, publication, distribution, manufacture, or copyright notice |
[2019] |
| 264 #4 - PRODUCTION, PUBLICATION, DISTRIBUTION, MANUFACTURE, AND COPYRIGHT NOTICE |
| Date of production, publication, distribution, manufacture, or copyright notice |
©2019 |
| 300 ## - PHYSICAL DESCRIPTION |
| Extent |
247 pages : |
| Other physical details |
illustrations ; |
| Dimensions |
24 cm |
| 336 ## - CONTENT TYPE |
| Content type term |
text |
| Content type code |
txt |
| Source |
rdacontent |
| 336 ## - CONTENT TYPE |
| Content type term |
still image |
| Content type code |
sti |
| Source |
rdacontent |
| 337 ## - MEDIA TYPE |
| Media type term |
unmediated |
| Media type code |
n |
| Source |
rdamedia |
| 338 ## - CARRIER TYPE |
| Carrier type term |
volume |
| Carrier type code |
nc |
| Source |
rdacarrier |
| 504 ## - BIBLIOGRAPHY, ETC. NOTE |
| Bibliography, etc. note |
Includes bibliographical references (pages [239]-242). |
| 520 8# - SUMMARY, ETC. |
| Summary, etc. |
Beyond Europe: Reconnecting Eurasia' provides a timely and nuanced account of the great powers' policies towards Eurasia. It explores the role of Central Asia and the trends that are shaping the politics of the Eurasian megaregion. With the emphasis on the theme of `reconnection', this volume highlights the challenges of global and regional cooperation and excels in interpreting both the current realities of Eurasia and the driving forces behind them. The volume provides a broad and critical analysis of Eurasia's emergence as a viable geopolitical and geoeconomic powerhouse and discusses the megaregion's standing in foreign and security policies of both global as well as regional powers.'' = Prof. Marek Rewizorski, University of Gdansk, Poland. |
| 648 #7 - SUBJECT ADDED ENTRY--CHRONOLOGICAL TERM |
| Chronological term |
Since 1991 |
| Source of heading or term |
fast |
| 9 (RLIN) |
110052 |
| 650 #7 - SUBJECT ADDED ENTRY--TOPICAL TERM |
| Topical term or geographic name entry element |
Diplomatic relations. |
| Source of heading or term |
fast |
| Authority record control number or standard number |
(OCoLC)fst01907412 |
| 9 (RLIN) |
6585 |
| 650 #7 - SUBJECT ADDED ENTRY--TOPICAL TERM |
| Topical term or geographic name entry element |
Politics and government. |
| Source of heading or term |
fast |
| Authority record control number or standard number |
(OCoLC)fst01919741 |
| 9 (RLIN) |
1501 |
| 651 #0 - SUBJECT ADDED ENTRY--GEOGRAPHIC NAME |
| Geographic name |
Eurasia |
| General subdivision |
Foreign relations. |
| 9 (RLIN) |
110053 |
| 651 #0 - SUBJECT ADDED ENTRY--GEOGRAPHIC NAME |
| Geographic name |
Asia, Central |
| General subdivision |
Politics and government |
| Chronological subdivision |
1991- |
| 9 (RLIN) |
108817 |
| 651 #0 - SUBJECT ADDED ENTRY--GEOGRAPHIC NAME |
| Geographic name |
Asia, Central |
| General subdivision |
Foreign relations |
| Chronological subdivision |
1991- |
| 9 (RLIN) |
110054 |
| 651 #7 - SUBJECT ADDED ENTRY--GEOGRAPHIC NAME |
| Geographic name |
Central Asia. |
| Source of heading or term |
fast |
| Authority record control number or standard number |
(OCoLC)fst01240497 |
| 9 (RLIN) |
110055 |
| 651 #7 - SUBJECT ADDED ENTRY--GEOGRAPHIC NAME |
| Geographic name |
Eurasia. |
| Source of heading or term |
fast |
| Authority record control number or standard number |
(OCoLC)fst01245058 |
| 9 (RLIN) |
110056 |
| 700 1# - ADDED ENTRY--PERSONAL NAME |
| Personal name |
Wallas, Tadeusz, |
| Relator term |
editor. |
| 9 (RLIN) |
110057 |
| 700 1# - ADDED ENTRY--PERSONAL NAME |
| Personal name |
Stelmach, Andrzej, |
| Relator term |
editor. |
| 9 (RLIN) |
110058 |
| 700 1# - ADDED ENTRY--PERSONAL NAME |
| Personal name |
Wiśniewski, Rafał, |
| Dates associated with a name |
1977- |
| Relator term |
editor. |
| 9 (RLIN) |
110059 |
| 906 ## - LOCAL DATA ELEMENT F, LDF (RLIN) |
| a |
7 |
| b |
cbc |
| c |
pccadap |
| d |
3 |
| e |
ncip |
| f |
20 |
| g |
y-gencatlg |
| 942 ## - ADDED ENTRY ELEMENTS (KOHA) |
| Source of classification or shelving scheme |
|
| Koha item type |
Book |